Statistics for Pogodi sve zastave sveta

Click here to take the quiz!

General Stats

  • This quiz has been taken 50 times
  • The average score is 123 of 196

Answer Stats

Answer% Correct
Australija
100%
Francuska
100%
Holandija
100%
Irska
100%
Italija
100%
Kanada
100%
Rusija
100%
Sjedinjene Američke države
100%
Ujedinjeno Kraljevstvo
100%
Albanija
96%
Brazil
96%
Bugarska
96%
Danska
96%
Grčka
96%
Gruzija
96%
Japan
96%
Južna Koreja
96%
Kina
96%
Norveška
96%
Novi Zeland
96%
Švedska
96%
Belgija
93%
Finska
93%
Island
93%
Kipar
93%
Mađarska
93%
Malta
93%
Obala Slonovače
93%
Pakistan
93%
Tunis
93%
Turska
93%
Vatikan
93%
Alžir
89%
Argentina
89%
Autonomna Pokrajina Kosovo
89%
Bangladeš
89%
Bosna i Hercegovina
89%
Češka
89%
Čile
89%
Egipat
89%
Izrael
89%
Liban
89%
Meksiko
89%
Nemačka
89%
Nepal
89%
Panama
89%
Poljska
89%
San Marino
89%
Severna Makedonija
89%
Španija
89%
Švajcarska
89%
Austrija
85%
Azerbejdžan
85%
Filipini
85%
Hrvatska
85%
Indija
85%
Indonezija
85%
Iran
85%
Jamajka
85%
Kazahstan
85%
Kenija
85%
Saudijska Arabija
85%
Slovačka
85%
Slovenija
85%
Srbija
85%
Venecuela
85%
Južnoafrička republika
81%
Kamerun
81%
Kuba
81%
Peru
81%
Urugvaj
81%
Vijetnam
81%
Barbados
78%
Butan
78%
Dominikanska republika
78%
Estonija
78%
Jermenija
78%
Luksemburg
78%
Maroko
78%
Monako
78%
Portugal
78%
Rumunija
78%
Sejšeli
78%
Singapur
78%
Sirija
78%
Belorusija
74%
Crna Gora
74%
Kolumbija
74%
Lihtenštajn
74%
Malezija
74%
Moldavija
74%
Severna Koreja
74%
Andora
70%
Čad
70%
Kambodža
70%
Katar
70%
Niger
70%
Šri Lanka
70%
Ujedinjeni Arapski Emirati
70%
Irak
67%
Jordan
67%
Letonija
67%
Nigerija
67%
Ukrajina
67%
Angola
63%
D.R. Kongo
63%
Ekvador
63%
Etiopija
63%
Jemen
63%
Maldivi
63%
Somalija
63%
Uzbekistan
63%
Burkina Faso
59%
Gana
59%
Litvanija
59%
Madagaskar
59%
Oman
59%
Honduras
56%
Kosta rika
56%
Kuvajt
56%
Laos
56%
Paragvaj
56%
Uganda
56%
Bahami
52%
Kirgistan
52%
Libija
52%
Mauritanija
52%
Mjanmar
52%
Palau
52%
Papua Nova Gvineja
52%
Antigva i Barbuda
48%
El Salvador
48%
Gabon
48%
Trinidad i Tobago
48%
Turkmenistan
48%
Bahrein
44%
Dominika
44%
Kiribati
44%
Liberija
44%
Mongolija
44%
Senegal
44%
Tadžikistan
44%
Bocvana
41%
Brunej
41%
Mali
41%
Mozambik
41%
Tanzanija
41%
Togo
41%
Zelenortska ostrva
41%
Esvatini
37%
Haiti
37%
Sveta Lucija
37%
Tonga
37%
Avganistan
33%
Belize
33%
Centralnoafrička republika
33%
Fidži
33%
Istočni Timor
33%
Komori
33%
Malavi
33%
Sudan
33%
Benin
30%
Bolivija
30%
Nauru
30%
Nikaragva
30%
Zambija
30%
Zimbabve
30%
Džibuti
26%
Kongo
26%
Namibija
26%
Tuvalu
26%
Burundi
22%
Gvajana
22%
Južni Sudan
22%
Lesoto
22%
Maršalska ostrva
22%
Surinam
22%
Sveti Vinsent i Grenadini
22%
Tailand
22%
Ekvatorijalna Gvineja
19%
Eritreja
19%
Gvatemala
19%
Ruanda
19%
Sveti Kits i Nevis
19%
Ujedinjene države Mikronezije
19%
Vanuatu
19%
Grenada
15%
Gvineja
15%
Gvineja Bisau
15%
Sao Tome i Principe
15%
Sijera Leone
15%
Gambia
11%
Mauricijus
11%
Samoa
11%
Taivan
7%
Solomonska ostrva
4%

Score Distribution

Percentile by Number Answered

Percent of People with Each Score

Your Score History

You have not taken this quiz